000 00532nam a2200205Ia 4500
003 OSt
005 20230413094748.0
008 210423s2005 xx 000 0 und d
020 _a748618953
040 _cAL
041 _aeng
082 _a823
_223
_b ACHJ
100 _aACHESON (James);ROSS (Sarah C E).
_987528
245 _aContemporary British novel.
260 _aEdinburgh
_bEdinburgh University Press
_c2005
300 _aiv,250
365 _b995
_cINR
906 _aBritish ; Contemporary ; novel.
942 _2ddc
_cBK
999 _c157342
_d157342